Ahora, hay algunas personas que si no saben, igual no les puedes explicar = There are some people that, if they don't know, you can't tell 'em /
Aborda el tema de relaciones entre El Salvador y la Región del Sur de Estados Unidos, hay una resonancia entre estas dos culturas y una relación históricamente especial que se ha desarrollado entre la región el Sur y El Salvador, más que con los estados del Norte de Estados Unidos. Se aborda desde l...
Shranjeno v:
| Glavni avtor: | |
|---|---|
| Format: | Texto |
| Jezik: | Spanish |
| Teme: | |
| Oznake: |
Označite
Brez oznak, prvi označite!
|
MARC
| LEADER | 00000 a a2200000 04500 | ||
|---|---|---|---|
| 001 | 47152 | ||
| 003 | cru IIS | ||
| 005 | 20220315104342.0 | ||
| 008 | 220315b |||||||| |||| 00| 0 spa d | ||
| 040 | |c CRAI | ||
| 100 | |a Miller, Katherine | ||
| 245 | |a Ahora, hay algunas personas que si no saben, igual no les puedes explicar = |b There are some people that, if they don't know, you can't tell 'em / |c Katherine Miller | ||
| 520 | |a Aborda el tema de relaciones entre El Salvador y la Región del Sur de Estados Unidos, hay una resonancia entre estas dos culturas y una relación históricamente especial que se ha desarrollado entre la región el Sur y El Salvador, más que con los estados del Norte de Estados Unidos. Se aborda desde la literatura, en la cual se pueden conocer las relaciones políticas, culturales, económicas, religiosas y de toda índole, que moldean las relaciones, no solamente entre individuos, si no las relaciones diplomáticas, comerciales y de amistad entre naciones. útiles son los espejos literarios y cinematográficos que relejan ambas partes de la relación. La literatura del Sur que surgió Durante el periodo estudiado plenitud esta historia del desarrollo legal, social, cultural y política. Vale la pena considerarla para las circunstancias actuales. RAR 18/02/22 | ||
| 650 | 4 | |2 OCDE |9 2646 |a RELACIONES INTERNACIONALES | |
| 650 | 4 | |2 UNESCO |9 1946 |a RELACIONES CULTURALES | |
| 650 | 0 | |2 CIDCSO |9 4230 |a ESTUDIOS DE PAÍSES | |
| 651 | 4 | |2 OCDE |9 1928 |a EL SALVADOR | |
| 651 | 0 | |2 OCDE |9 245 |a ESTADOS UNIDOS | |
| 773 | |g número134, (2012), páginas 567-580 | ||
| 942 | |2 ddc |c PP | ||
| 999 | |c 20315 |d 20315 | ||
